000 00553nam a2200193Ia 4500
005 20250326143538.0
008 250326s9999 xx 000 0 und d
020 _a0-8213-6249-6
037 _aTextbook
040 _aFMSL
_beng
_cFMSL
041 _aeng
_2eng
084 _aX:89ZB.1r P5
_qFMSL
100 _aWorld Bank
245 0 _aWorld development report 2006 : equity and development
_cWorld Bank
260 _aNew York
_bNew York, World Bank
_c2005
300 _a320p
942 _cTB
_hX:89ZB.1r P5
999 _c1300039
_d1300039